[Event "Campeonato de España Rapid 2017"]
[Site "Linares"]
[Date "2017.08.13"]
[Round "2"]
[White "Podvin, Francois-xavier"]
[Black "Del Rio De Angelis, Salvador G."]
[Result "0-1"]
[Board "17"]
[WhiteElo "2194"]
[WhiteCountry "FRA"]
[WhiteFideId "677540"]
[WhiteEloChange "-2"]
[BlackTitle "GM"]
[BlackElo "2542"]
[BlackCountry "ESP"]
[BlackFideId "2203138"]
[BlackEloChange "1"]

1. e4 {[%clk 0:15:05]} e6 {[%clk 0:15:05]} 2. d4 {[%clk 0:15:05]} c5 {[%clk
0:15:05]} 3. Nf3 {[%clk 0:15:05]} cxd4 {[%clk 0:15:05]} 4. Nxd4 {[%clk 0:15:05]}
Bc5 {[%clk 0:15:05]} 5. Nb3 {[%clk 0:15:05]} Bb6 {[%clk 0:15:05]} 6. Nc3 {[%clk
0:15:05]} Ne7 {[%clk 0:15:05]} 7. Bd3 {[%clk 0:15:05]} O-O {[%clk 0:15:05]} 8.
O-O {[%clk 0:15:05]} Nbc6 {[%clk 0:15:05]} 9. Kh1 {[%clk 0:15:05]} d5 {[%clk
0:15:05]} 10. exd5 {[%clk 0:15:05]} Nxd5 {[%clk 0:15:05]} 11. Nxd5 {[%clk
0:15:05]} Qxd5 {[%clk 0:15:05]} 12. Qe2 {[%clk 0:15:05]} Qe5 {[%clk 0:15:05]} 13.
Qxe5 {[%clk 0:15:05]} Nxe5 {[%clk 0:15:05]} 14. Be2 {[%clk 0:15:05]} Bd7 {[%clk
0:15:05]} 15. f4 {[%clk 0:15:05]} Ng6 {[%clk 0:15:05]} 16. Bd2 {[%clk 0:15:05]}
Rac8 {[%clk 0:15:05]} 17. Bc3 {[%clk 0:15:05]} Nh4 {[%clk 0:15:05]} 18. Nd2
{[%clk 0:15:05]} Bc6 {[%clk 0:15:05]} 19. Nf3 {[%clk 0:15:05]} Nf5 {[%clk
0:15:05]} 20. Ne5 {[%clk 0:15:05]} Ne3 {[%clk 0:15:05]} 21. Nxc6 {[%clk 0:15:05]}
Rxc6 {[%clk 0:15:05]} 22. Rf3 {[%clk 0:15:05]} Nd5 {[%clk 0:15:05]} 23. Bd3
{[%clk 0:15:05]} Nxc3 {[%clk 0:15:05]} 24. bxc3 {[%clk 0:15:05]} g6 {[%clk
0:15:05]} 25. c4 {[%clk 0:15:05]} Rd8 {[%clk 0:15:05]} 26. g3 {[%clk 0:15:05]} h5
{[%clk 0:15:05]} 27. Kg2 {[%clk 0:15:05]} Rd7 {[%clk 0:15:05]} 28. Rb1 {[%clk
0:15:05]} Bd4 {[%clk 0:15:05]} 29. Rb3 {[%clk 0:15:05]} Ra6 {[%clk 0:15:05]} 30.
h3 {[%clk 0:15:05]} Rxa2 {[%clk 0:15:05]} 31. g4 {[%clk 0:15:05]} hxg4 {[%clk
0:15:05]} 32. hxg4 {[%clk 0:15:05]} f5 {[%clk 0:15:05]} 33. gxf5 {[%clk 0:15:05]}
gxf5 {[%clk 0:15:05]} 34. Rg3+ {[%clk 0:15:05]} Kf7 {[%clk 0:15:05]} 35. Rh3
{[%clk 0:15:05]} b6 {[%clk 0:15:05]} 36. Kf3 {[%clk 0:15:05]} Ke7 {[%clk
0:15:05]} 37. Rb1 {[%clk 0:15:05]} Ra1 {[%clk 0:15:05]} 38. Rb5 {[%clk 0:15:05]}
a6 {[%clk 0:15:05]} 39. Rb3 {[%clk 0:15:05]} a5 {[%clk 0:15:05]} 40. Rh6 {[%clk
0:15:05]} a4 {[%clk 0:15:05]} 41. Rb5 {[%clk 0:15:05]} Bc5 {[%clk 0:15:05]} 42.
Rh8 {[%clk 0:15:05]} a3 {[%clk 0:15:05]} 43. Ra8 {[%clk 0:15:05]} Kd6 {[%clk
0:15:05]} 44. Ke2 {[%clk 0:15:05]} Rh7 {[%clk 0:15:05]} 45. Kd2 {[%clk 0:15:05]}
Rh4 {[%clk 0:15:05]} 46. Kc3 {[%clk 0:15:05]} Rxf4 {[%clk 0:15:05]} 0-1

[Event "Campeonato de España Rapid 2017"]
[Site "Linares"]
[Date "2017.08.13"]
[Round "2"]
[White "Alsina Leal, Daniel"]
[Black "Fernandez Torre, Ivan"]
[Result "1/2-1/2"]
[Board "18"]
[WhiteTitle "GM"]
[WhiteElo "2531"]
[WhiteCountry "ESP"]
[WhiteFideId "2252627"]
[WhiteEloChange "-4"]
[BlackElo "2171"]
[BlackCountry "ESP"]
[BlackFideId "2229528"]
[BlackEloChange "8"]

1. e4 {[%clk 0:15:08]} c5 {[%clk 0:15:09]} 2. Nf3 {[%clk 0:15:11]} e6 {[%clk
0:15:12]} 3. d4 {[%clk 0:15:15]} cxd4 {[%clk 0:15:16]} 4. Nxd4 {[%clk 0:15:18]}
Qb6 {[%clk 0:15:20]} 5. Nb3 {[%clk 0:15:13]} Qc7 {[%clk 0:15:23]} 6. Be2 {[%clk
0:15:04]} Nf6 {[%clk 0:15:23]} 7. Qd3 {[%clk 0:13:14]} Nc6 {[%clk 0:15:19]} 8. c3
{[%clk 0:12:46]} Ne5 {[%clk 0:14:47]} 9. Qc2 {[%clk 0:12:37]} d5 {[%clk 0:14:29]}
10. f4 {[%clk 0:12:07]} Nc4 {[%clk 0:14:13]} 11. e5 {[%clk 0:11:43]} Ne4 {[%clk
0:13:48]} 12. Bd3 {[%clk 0:09:16]} f5 {[%clk 0:13:00]} 13. exf6 {[%clk 0:09:05]}
Nxf6 {[%clk 0:13:04]} 14. O-O {[%clk 0:08:34]} Bd6 {[%clk 0:13:07]} 15. Bxc4
{[%clk 0:07:20]} Qxc4 {[%clk 0:12:01]} 16. Be3 {[%clk 0:07:00]} O-O {[%clk
0:11:31]} 17. N1d2 {[%clk 0:07:01]} Qe2 {[%clk 0:11:17]} 18. Rae1 {[%clk
0:07:02]} Qh5 {[%clk 0:11:20]} 19. Qd1 {[%clk 0:05:49]} Ng4 {[%clk 0:10:05]} 20.
h3 {[%clk 0:05:31]} Nf6 {[%clk 0:10:09]} 21. Bc5 {[%clk 0:04:50]} Bxc5+ {[%clk
0:08:57]} 22. Nxc5 {[%clk 0:04:53]} b6 {[%clk 0:09:01]} 23. Ncb3 {[%clk 0:03:38]}
Ba6 {[%clk 0:08:50]} 24. Rf3 {[%clk 0:03:28]} Ne4 {[%clk 0:08:18]} 25. Nxe4
{[%clk 0:02:23]} dxe4 {[%clk 0:08:21]} 26. Rfe3 {[%clk 0:02:26]} Qxd1 {[%clk
0:08:10]} 27. Rxd1 {[%clk 0:02:29]} Rxf4 {[%clk 0:08:13]} 28. Rde1 {[%clk
0:01:35]} Bd3 {[%clk 0:07:52]} 29. Nd2 {[%clk 0:01:38]} Rd8 {[%clk 0:07:29]} 30.
g3 {[%clk 0:01:39]} Rf6 {[%clk 0:06:17]} 31. Nxe4 {[%clk 0:01:33]} Bxe4 {[%clk
0:05:49]} 32. Rxe4 {[%clk 0:01:37]} Rf3 {[%clk 0:05:53]} 33. Kg2 {[%clk 0:00:49]}
Rdd3 {[%clk 0:05:57]} 34. Rg4 {[%clk 0:00:52]} Rf5 {[%clk 0:05:41]} 35. Re2
{[%clk 0:00:41]} Kf7 {[%clk 0:05:35]} 36. Rge4 {[%clk 0:00:42]} Rff3 {[%clk
0:05:32]} 37. Rf2 {[%clk 0:00:32]} Rxf2+ {[%clk 0:05:13]} 38. Kxf2 {[%clk
0:00:36]} Rd2+ {[%clk 0:05:09]} 39. Re2 {[%clk 0:00:40]} Rd3 {[%clk 0:04:50]} 40.
h4 {[%clk 0:00:21]} Kf6 {[%clk 0:04:47]} 41. Re3 {[%clk 0:00:09]} Rd2+ {[%clk
0:04:49]} 42. Re2 {[%clk 0:00:13]} Rd3 {[%clk 0:04:53]} 43. Re3 {[%clk 0:00:16]}
Rd2+ {[%clk 0:04:48]} 44. Re2 {[%clk 0:00:20]} 1/2-1/2

[Event "Campeonato de España Rapid 2017"]
[Site "Linares"]
[Date "2017.08.13"]
[Round "2"]
[White "Donado-Mazarron Gomez, Miguel"]
[Black "Forcen Esteban, Daniel"]
[Result "0-1"]
[Board "20"]
[WhiteElo "2173"]
[WhiteCountry "ESP"]
[WhiteFideId "2237989"]
[WhiteEloChange "-2"]
[BlackTitle "GM"]
[BlackElo "2523"]
[BlackCountry "ESP"]
[BlackFideId "2288230"]
[BlackEloChange "1"]

1. d4 {[%clk 0:15:09]} Nf6 {[%clk 0:15:08]} 2. c4 {[%clk 0:15:12]} c5 {[%clk
0:15:12]} 3. d5 {[%clk 0:15:15]} e6 {[%clk 0:15:16]} 4. Nc3 {[%clk 0:15:18]} exd5
{[%clk 0:15:20]} 5. cxd5 {[%clk 0:15:22]} d6 {[%clk 0:15:24]} 6. Nf3 {[%clk
0:15:25]} g6 {[%clk 0:15:28]} 7. Nd2 {[%clk 0:15:29]} Nbd7 {[%clk 0:15:33]} 8. e4
{[%clk 0:15:32]} Bg7 {[%clk 0:15:37]} 9. Be2 {[%clk 0:15:36]} O-O {[%clk
0:15:40]} 10. O-O {[%clk 0:15:39]} Re8 {[%clk 0:15:45]} 11. Re1 {[%clk 0:15:36]}
Ne5 {[%clk 0:15:42]} 12. Qc2 {[%clk 0:15:35]} Bg4 {[%clk 0:14:46]} 13. Bf1 {[%clk
0:15:37]} g5 {[%clk 0:14:37]} 14. Rb1 {[%clk 0:15:18]} a6 {[%clk 0:14:35]} 15. a4
{[%clk 0:15:21]} Rc8 {[%clk 0:14:38]} 16. b3 {[%clk 0:15:24]} Bd7 {[%clk
0:14:39]} 17. Nc4 {[%clk 0:15:17]} Nxc4 {[%clk 0:13:29]} 18. bxc4 {[%clk
0:15:19]} Ng4 {[%clk 0:13:27]} 19. Rxb7 {[%clk 0:15:01]} Bd4 {[%clk 0:13:30]} 20.
Nd1 {[%clk 0:15:00]} Qa5 {[%clk 0:13:32]} 21. Bd2 {[%clk 0:14:45]} Qxa4 {[%clk
0:13:36]} 22. Qd3 {[%clk 0:14:16]} Rb8 {[%clk 0:13:02]} 23. Rxb8 {[%clk 0:14:00]}
Rxb8 {[%clk 0:13:06]} 24. Bxg5 {[%clk 0:13:42]} Rb3 {[%clk 0:12:47]} 25. Qc2
{[%clk 0:12:56]} Nxh2 {[%clk 0:09:25]} 26. Be2 {[%clk 0:09:54]} Ng4 {[%clk
0:08:54]} 27. Bxg4 {[%clk 0:09:39]} Bxg4 {[%clk 0:08:57]} 28. Ne3 {[%clk
0:09:31]} Bd7 {[%clk 0:08:26]} 29. Bf4 {[%clk 0:07:35]} Rxe3 {[%clk 0:08:22]} 30.
Qxa4 {[%clk 0:07:31]} Rxe1+ {[%clk 0:08:26]} 0-1

[Event "Campeonato de España Rapid 2017"]
[Site "Linares"]
[Date "2017.08.13"]
[Round "2"]
[White "Abal Cores, Lucas"]
[Black "Oliva Castaneda, Kevel"]
[Result "0-1"]
[Board "22"]
[WhiteTitle "FM"]
[WhiteElo "2168"]
[WhiteCountry "ESP"]
[WhiteFideId "22217975"]
[WhiteEloChange "-2"]
[BlackTitle "IM"]
[BlackElo "2516"]
[BlackCountry "CUB"]
[BlackFideId "3500799"]
[BlackEloChange "1"]

1. e4 {[%clk 0:15:07]} c5 {[%clk 0:15:09]} 2. Nf3 {[%clk 0:15:07]} d6 {[%clk
0:15:09]} 3. c3 {[%clk 0:15:12]} Nf6 {[%clk 0:15:18]} 4. Be2 {[%clk 0:15:14]}
Nbd7 {[%clk 0:15:15]} 5. d3 {[%clk 0:15:06]} b6 {[%clk 0:15:10]} 6. O-O {[%clk
0:15:05]} Bb7 {[%clk 0:15:14]} 7. Re1 {[%clk 0:15:00]} g6 {[%clk 0:15:13]} 8. a4
{[%clk 0:14:48]} a6 {[%clk 0:15:07]} 9. Bf1 {[%clk 0:14:19]} Bg7 {[%clk 0:15:10]}
10. Bg5 {[%clk 0:14:07]} h6 {[%clk 0:15:01]} 11. Bh4 {[%clk 0:14:09]} O-O {[%clk
0:14:59]} 12. Nbd2 {[%clk 0:14:09]} e5 {[%clk 0:14:59]} 13. d4 {[%clk 0:11:49]}
cxd4 {[%clk 0:15:03]} 14. cxd4 {[%clk 0:11:52]} exd4 {[%clk 0:15:06]} 15. Nxd4
{[%clk 0:11:27]} Re8 {[%clk 0:15:00]} 16. Nc4 {[%clk 0:04:55]} Nc5 {[%clk
0:14:24]} 17. f3 {[%clk 0:04:19]} d5 {[%clk 0:14:17]} 18. exd5 {[%clk 0:04:02]}
Rxe1 {[%clk 0:14:20]} 19. Qxe1 {[%clk 0:03:26]} Qxd5 {[%clk 0:14:10]} 20. Bf2
{[%clk 0:03:29]} Re8 {[%clk 0:14:02]} 21. Qb4 {[%clk 0:03:32]} a5 {[%clk
0:13:26]} 22. Qxb6 {[%clk 0:02:47]} Ng4 {[%clk 0:11:59]} 23. Qd6 {[%clk 0:01:41]}
Nxf2 {[%clk 0:11:45]} 24. Qxd5 {[%clk 0:01:16]} Bxd5 {[%clk 0:11:47]} 25. Nb5
{[%clk 0:01:12]} Bxc4 {[%clk 0:11:30]} 26. Bxc4 {[%clk 0:01:15]} Bxb2 {[%clk
0:10:57]} 27. Rf1 {[%clk 0:01:11]} Nfd3 {[%clk 0:11:00]} 28. Nd6 {[%clk 0:01:14]}
Bd4+ {[%clk 0:11:02]} 29. Kh1 {[%clk 0:01:17]} Re7 {[%clk 0:10:45]} 30. g3 {[%clk
0:01:17]} Nb2 {[%clk 0:09:34]} 31. Bb5 {[%clk 0:00:18]} Re6 {[%clk 0:09:26]} 32.
Nc8 {[%clk 0:00:07]} Bc3 {[%clk 0:08:33]} 33. f4 {[%clk 0:00:07]} Re1 {[%clk
0:08:35]} 34. Rxe1 {[%clk 0:00:11]} Bxe1 {[%clk 0:08:39]} 35. Nd6 {[%clk
0:00:11]} Ncxa4 {[%clk 0:08:38]} 36. Be8 {[%clk 0:00:13]} Bb4 {[%clk 0:08:37]}
37. Bxf7+ {[%clk 0:00:07]} Kg7 {[%clk 0:08:39]} 0-1

[Event "Campeonato de España Rapid 2017"]
[Site "Linares"]
[Date "2017.08.13"]
[Round "2"]
[White "Larino Nieto, David"]
[Black "Vega Gutierrez, Belinda"]
[Result "1-0"]
[Board "23"]
[WhiteTitle "GM"]
[WhiteElo "2509"]
[WhiteCountry "ESP"]
[WhiteFideId "2256444"]
[WhiteEloChange "1"]
[BlackTitle "WIM"]
[BlackElo "2146"]
[BlackCountry "ESP"]
[BlackFideId "2229994"]
[BlackEloChange "-2"]

1. g3 {[%clk 0:14:59]} d5 {[%clk 0:15:08]} 2. Bg2 {[%clk 0:15:03]} c6 {[%clk
0:15:05]} 3. d3 {[%clk 0:15:02]} Nf6 {[%clk 0:15:06]} 4. Nd2 {[%clk 0:15:00]} e5
{[%clk 0:15:01]} 5. Ngf3 {[%clk 0:14:58]} Bd6 {[%clk 0:14:59]} 6. e4 {[%clk
0:15:01]} O-O {[%clk 0:14:54]} 7. O-O {[%clk 0:15:03]} dxe4 {[%clk 0:14:00]} 8.
dxe4 {[%clk 0:15:05]} Bg4 {[%clk 0:14:04]} 9. h3 {[%clk 0:15:08]} Bxf3 {[%clk
0:14:07]} 10. Qxf3 {[%clk 0:15:04]} h6 {[%clk 0:14:00]} 11. Rd1 {[%clk 0:15:04]}
Qe7 {[%clk 0:14:03]} 12. Nc4 {[%clk 0:15:04]} Bc7 {[%clk 0:14:07]} 13. Ne3 {[%clk
0:15:08]} g6 {[%clk 0:13:36]} 14. b3 {[%clk 0:13:49]} Nbd7 {[%clk 0:12:53]} 15.
a4 {[%clk 0:13:53]} Rfd8 {[%clk 0:11:43]} 16. Ba3 {[%clk 0:13:55]} Qe6 {[%clk
0:10:22]} 17. Bf1 {[%clk 0:13:58]} Kg7 {[%clk 0:09:47]} 18. Kg2 {[%clk 0:10:04]}
Nf8 {[%clk 0:09:26]} 19. Bc4 {[%clk 0:10:06]} Qe8 {[%clk 0:09:29]} 20. Ng4 {[%clk
0:10:09]} Ng8 {[%clk 0:08:25]} 21. Bb2 {[%clk 0:09:43]} h5 {[%clk 0:08:19]} 22.
Nxe5 {[%clk 0:08:59]} Bxe5 {[%clk 0:07:30]} 23. Bxe5+ {[%clk 0:09:03]} Qxe5
{[%clk 0:07:33]} 24. Qxf7+ {[%clk 0:09:05]} Kh6 {[%clk 0:07:31]} 25. Qxg8 {[%clk
0:09:08]} Qxe4+ {[%clk 0:05:42]} 26. Kg1 {[%clk 0:09:10]} Nd7 {[%clk 0:05:30]}
27. Qe6 {[%clk 0:06:43]} Ne5 {[%clk 0:05:32]} 28. Re1 {[%clk 0:06:43]} Nf3+
{[%clk 0:05:04]} 29. Kh1 {[%clk 0:06:46]} Qxe6 {[%clk 0:03:43]} 30. Rxe6 {[%clk
0:06:49]} Rd2 {[%clk 0:03:21]} 31. Kg2 {[%clk 0:06:53]} Nd4 {[%clk 0:03:01]} 32.
Rd6 {[%clk 0:06:55]} Rf8 {[%clk 0:02:54]} 33. Rf1 {[%clk 0:06:48]} Nxb3 {[%clk
0:02:46]} 34. Bd3 {[%clk 0:06:47]} Nc5 {[%clk 0:02:35]} 35. Rxg6+ {[%clk
0:06:50]} Kh7 {[%clk 0:02:39]} 36. Rxc6+ {[%clk 0:06:39]} Nxd3 {[%clk 0:02:41]}
37. Rc7+ {[%clk 0:06:42]} Kg6 {[%clk 0:02:43]} 38. cxd3 {[%clk 0:06:45]} Rxd3
{[%clk 0:02:17]} 39. Rxb7 {[%clk 0:06:48]} a6 {[%clk 0:02:18]} 40. Rb6+ {[%clk
0:06:49]} Rf6 {[%clk 0:02:11]} 41. Rfb1 {[%clk 0:06:42]} 1-0

[Event "Campeonato de España Rapid 2017"]
[Site "Linares"]
[Date "2017.08.13"]
[Round "2"]
[White "Silva Lucena, Cristian"]
[Black "Vila Gazquez, Xavier"]
[Result "1-0"]
[Board "24"]
[WhiteElo "2147"]
[WhiteCountry "ESP"]
[WhiteFideId "2232588"]
[WhiteEloChange "17"]
[BlackTitle "GM"]
[BlackElo "2473"]
[BlackCountry "ESP"]
[BlackFideId "2261090"]
[BlackEloChange "-9"]

1. e4 {[%clk 0:15:07]} c5 {[%clk 0:15:07]} 2. Nf3 {[%clk 0:15:10]} e6 {[%clk
0:15:06]} 3. d4 {[%clk 0:15:10]} cxd4 {[%clk 0:15:09]} 4. Nxd4 {[%clk 0:15:13]}
Nc6 {[%clk 0:15:13]} 5. Nc3 {[%clk 0:15:14]} Qc7 {[%clk 0:15:17]} 6. Qd3 {[%clk
0:15:18]} a6 {[%clk 0:15:04]} 7. Nxc6 {[%clk 0:15:21]} bxc6 {[%clk 0:13:38]} 8.
Qg3 {[%clk 0:15:24]} Qxg3 {[%clk 0:13:04]} 9. hxg3 {[%clk 0:15:27]} d5 {[%clk
0:13:07]} 10. Na4 {[%clk 0:12:35]} Rb8 {[%clk 0:13:04]} 11. b3 {[%clk 0:12:29]}
Bb4+ {[%clk 0:07:31]} 12. c3 {[%clk 0:10:46]} Bd6 {[%clk 0:07:35]} 13. Be3 {[%clk
0:10:46]} Nf6 {[%clk 0:07:37]} 14. exd5 {[%clk 0:10:06]} Nxd5 {[%clk 0:06:26]}
15. Bd2 {[%clk 0:09:28]} e5 {[%clk 0:04:06]} 16. Bd3 {[%clk 0:06:57]} f5 {[%clk
0:03:59]} 17. O-O-O {[%clk 0:06:59]} O-O {[%clk 0:03:54]} 18. f3 {[%clk 0:06:35]}
h6 {[%clk 0:02:22]} 19. Kc2 {[%clk 0:06:23]} a5 {[%clk 0:02:06]} 20. Nb2 {[%clk
0:06:06]} Nf6 {[%clk 0:01:47]} 21. c4 {[%clk 0:04:37]} e4 {[%clk 0:01:47]} 22.
Be2 {[%clk 0:04:37]} Bc7 {[%clk 0:01:07]} 23. Bf4 {[%clk 0:04:22]} Bxf4 {[%clk
0:01:04]} 24. gxf4 {[%clk 0:04:26]} Re8 {[%clk 0:00:41]} 25. Na4 {[%clk 0:04:08]}
Be6 {[%clk 0:00:30]} 26. Nc5 {[%clk 0:04:05]} Bf7 {[%clk 0:00:25]} 27. Rd6 {[%clk
0:04:01]} Rbc8 {[%clk 0:00:28]} 28. Nb7 {[%clk 0:03:20]} a4 {[%clk 0:00:24]} 29.
Rxf6 {[%clk 0:03:20]} gxf6 {[%clk 0:00:18]} 30. Nd6 {[%clk 0:03:24]} Kg7 {[%clk
0:00:09]} 31. Nxc8 {[%clk 0:03:28]} Rxc8 {[%clk 0:00:13]} 32. Rd1 {[%clk
0:03:28]} Rc7 {[%clk 0:00:15]} 33. Rd4 {[%clk 0:03:31]} Kf8 {[%clk 0:00:12]} 34.
fxe4 {[%clk 0:03:21]} fxe4 {[%clk 0:00:15]} 35. f5 {[%clk 0:03:21]} Re7 {[%clk
0:00:18]} 36. Rd6 {[%clk 0:03:23]} Kg7 {[%clk 0:00:16]} 37. Rxc6 {[%clk 0:03:23]}
Re5 {[%clk 0:00:20]} 38. g4 {[%clk 0:03:30]} h5 {[%clk 0:00:24]} 39. gxh5 {[%clk
0:03:27]} Rxf5 {[%clk 0:00:25]} 40. Rc7 {[%clk 0:03:31]} Rf2 {[%clk 0:00:22]} 41.
Kd1 {[%clk 0:03:36]} Kf8 {[%clk 0:00:20]} 42. bxa4 {[%clk 0:03:15]} Rh2 {[%clk
0:00:10]} 43. Rc5 {[%clk 0:03:07]} Rh1+ {[%clk 0:00:10]} 44. Kd2 {[%clk 0:03:10]}
Ra1 {[%clk 0:00:13]} 45. Ke3 {[%clk 0:03:07]} Rxa2 {[%clk 0:00:13]} 46. a5 {[%clk
0:03:11]} Ke7 {[%clk 0:00:13]} 47. h6 {[%clk 0:03:08]} Bg6 {[%clk 0:00:16]} 48.
Rc7+ {[%clk 0:03:11]} Kd6 {[%clk 0:00:20]} 49. h7 {[%clk 0:03:14]} Bxh7 {[%clk
0:00:22]} 50. Rxh7 {[%clk 0:03:18]} f5 {[%clk 0:00:26]} 51. a6 {[%clk 0:03:15]}
Ke5 {[%clk 0:00:30]} 52. Re7+ {[%clk 0:03:17]} Kf6 {[%clk 0:00:20]} 53. Rb7
{[%clk 0:03:18]} Rxa6 {[%clk 0:00:22]} 54. c5 {[%clk 0:03:22]} Ra2 {[%clk
0:00:23]} 55. Bc4 {[%clk 0:03:09]} Rc2 {[%clk 0:00:26]} 56. Kd4 {[%clk 0:03:02]}
e3 {[%clk 0:00:24]} 57. Rf7+ {[%clk 0:02:55]} Kg5 {[%clk 0:00:26]} 58. c6 {[%clk
0:02:53]} e2 {[%clk 0:00:20]} 59. Re7 {[%clk 0:02:57]} Kf6 {[%clk 0:00:09]} 60.
Rxe2 {[%clk 0:03:01]} 1-0

[Event "Campeonato de España Rapid 2017"]
[Site "Linares"]
[Date "2017.08.13"]
[Round "2"]
[White "Matnadze, Ana"]
[Black "Barrios Munoz, Rafael Carlos"]
[Result "1-0"]
[Board "28"]
[WhiteTitle "IM"]
[WhiteElo "2436"]
[WhiteCountry "ESP"]
[WhiteFideId "13601377"]
[WhiteEloChange "1"]
[BlackElo "2121"]
[BlackCountry "ESP"]
[BlackFideId "2221136"]
[BlackEloChange "-3"]

1. d4 {[%clk 0:15:05]} d6 {[%clk 0:15:05]} 2. Nf3 {[%clk 0:15:05]} Bg4 {[%clk
0:15:05]} 3. c4 {[%clk 0:15:05]} Nd7 {[%clk 0:15:05]} 4. Qb3 {[%clk 0:15:05]} Qc8
{[%clk 0:15:05]} 5. g3 {[%clk 0:15:05]} c6 {[%clk 0:15:05]} 6. Bg2 {[%clk
0:15:05]} e5 {[%clk 0:15:05]} 7. Nbd2 {[%clk 0:15:05]} Ngf6 {[%clk 0:15:05]} 8.
h3 {[%clk 0:15:05]} Bh5 {[%clk 0:15:05]} 9. a4 {[%clk 0:15:05]} a5 {[%clk
0:15:05]} 10. Qe3 {[%clk 0:15:05]} Qc7 {[%clk 0:15:05]} 11. Nh4 {[%clk 0:15:05]}
O-O-O {[%clk 0:15:05]} 12. d5 {[%clk 0:15:05]} c5 {[%clk 0:15:05]} 13. Nb1 {[%clk
0:15:05]} Nb8 {[%clk 0:15:05]} 14. Na3 {[%clk 0:15:05]} Na6 {[%clk 0:15:05]} 15.
Nb5 {[%clk 0:15:05]} Qb6 {[%clk 0:15:05]} 16. Bd2 {[%clk 0:15:05]} Nd7 {[%clk
0:15:05]} 17. Rc1 {[%clk 0:15:05]} Kb8 {[%clk 0:15:05]} 18. O-O {[%clk 0:15:05]}
f6 {[%clk 0:15:05]} 19. Nf5 {[%clk 0:15:05]} Be8 {[%clk 0:15:05]} 20. g4 {[%clk
0:15:05]} h5 {[%clk 0:15:05]} 21. g5 {[%clk 0:15:05]} g6 {[%clk 0:15:05]} 22. Nh4
{[%clk 0:15:05]} f5 {[%clk 0:15:05]} 23. f4 {[%clk 0:15:05]} Bg7 {[%clk 0:15:05]}
24. Bc3 {[%clk 0:15:05]} Bf7 {[%clk 0:15:05]} 25. Qd2 {[%clk 0:15:05]} Nb4 {[%clk
0:15:05]} 26. e4 {[%clk 0:15:05]} fxe4 {[%clk 0:15:05]} 27. Bxe4 {[%clk 0:15:05]}
Be8 {[%clk 0:15:05]} 28. Nxg6 {[%clk 0:15:05]} Rg8 {[%clk 0:15:05]} 29. Ne7
{[%clk 0:15:05]} Rf8 {[%clk 0:15:05]} 30. f5 {[%clk 0:15:05]} Bh8 {[%clk
0:15:05]} 31. f6 {[%clk 0:15:05]} h4 {[%clk 0:15:05]} 1-0

[Event "Campeonato de España Rapid 2017"]
[Site "Linares"]
[Date "2017.08.13"]
[Round "2"]
[White "Veganzones Rojo, David"]
[Black "Perez Mitjans, Orelvis"]
[Result "0-1"]
[Board "29"]
[WhiteElo "2121"]
[WhiteCountry "ESP"]
[WhiteFideId "2223767"]
[WhiteEloChange "-3"]
[BlackTitle "GM"]
[BlackElo "2435"]
[BlackCountry "ESP"]
[BlackFideId "3502856"]
[BlackEloChange "1"]

1. e4 {[%clk 0:15:07]} c5 {[%clk 0:15:08]} 2. d4 {[%clk 0:15:08]} cxd4 {[%clk
0:15:12]} 3. c3 {[%clk 0:15:12]} d3 {[%clk 0:15:14]} 4. Bxd3 {[%clk 0:15:15]} Nc6
{[%clk 0:15:16]} 5. c4 {[%clk 0:15:18]} g6 {[%clk 0:15:17]} 6. Nf3 {[%clk
0:15:21]} Bg7 {[%clk 0:15:21]} 7. O-O {[%clk 0:15:22]} Nf6 {[%clk 0:15:23]} 8. h3
{[%clk 0:15:25]} d6 {[%clk 0:15:27]} 9. Nc3 {[%clk 0:15:28]} O-O {[%clk 0:15:29]}
10. Be3 {[%clk 0:15:31]} Be6 {[%clk 0:15:25]} 11. Qe2 {[%clk 0:15:33]} Qa5 {[%clk
0:15:23]} 12. Rac1 {[%clk 0:15:27]} Nd7 {[%clk 0:15:00]} 13. Rfd1 {[%clk
0:14:40]} Nde5 {[%clk 0:14:31]} 14. Nxe5 {[%clk 0:12:59]} Nxe5 {[%clk 0:14:34]}
15. a3 {[%clk 0:12:41]} Rfc8 {[%clk 0:13:17]} 16. Nd5 {[%clk 0:12:43]} Bxd5
{[%clk 0:13:06]} 17. exd5 {[%clk 0:12:33]} Qa4 {[%clk 0:11:52]} 18. Qc2 {[%clk
0:09:27]} Qa5 {[%clk 0:09:56]} 19. Qb3 {[%clk 0:07:25]} Nxd3 {[%clk 0:07:46]} 20.
Rxd3 {[%clk 0:07:22]} Rc7 {[%clk 0:07:49]} 21. Qa2 {[%clk 0:06:01]} Rac8 {[%clk
0:07:02]} 22. b3 {[%clk 0:05:37]} Qa6 {[%clk 0:06:06]} 23. Rd2 {[%clk 0:04:08]}
b5 {[%clk 0:05:14]} 24. Rdc2 {[%clk 0:04:11]} bxc4 {[%clk 0:05:19]} 25. bxc4
{[%clk 0:03:58]} Rb7 {[%clk 0:04:25]} 26. c5 {[%clk 0:03:30]} dxc5 {[%clk
0:04:27]} 27. Bxc5 {[%clk 0:03:33]} h5 {[%clk 0:02:40]} 28. Bb4 {[%clk 0:03:17]}
Rd8 {[%clk 0:02:09]} 29. Rc6 {[%clk 0:02:44]} Qd3 {[%clk 0:02:09]} 30. Rc8 {[%clk
0:02:18]} Rxc8 {[%clk 0:02:07]} 31. Rxc8+ {[%clk 0:02:21]} Kh7 {[%clk 0:02:11]}
32. g3 {[%clk 0:01:56]} a5 {[%clk 0:02:04]} 33. Bxa5 {[%clk 0:00:22]} Rb1+ {[%clk
0:02:07]} 34. Kh2 {[%clk 0:00:17]} Qf1 {[%clk 0:02:08]} 0-1